000 00543nam a22001817a 4500
999 _c3020
_d3020
003 AR-CdUCM
008 190305b ||||| |||| 00| 0 spa d
040 _aMUNICIPALIDAD PROVINCIAL DEL CUSCO
_cBIBLIOTECA MUNICIPAL DEL CUSCO
082 _a869.508 /
_bB45
100 _aBermejo, Vladimiro
_91790
245 _aAntología de la poesía /
260 _aArequipa :
_bMejia Baca,
_c1958.
300 _a101 páginas ;
_c17 cm.
500 _aDonación Familia Nieto
650 _aPoesía arequipeña
_910299
942 _2ddc
_cLIBROS
945 _araen